| 000 | 03326cam a2200637 i 4500 | ||
|---|---|---|---|
| 001 | 23072654 | ||
| 003 | OSt | ||
| 005 | 20231006102059.0 | ||
| 008 | 230419s2023 nyu 000 1 eng d | ||
| 010 | _a 2023936899 | ||
| 020 |
_a9781538756591 _q(paperback) |
||
| 020 |
_a1538756595 _q(paperback) |
||
| 020 |
_a9781538766248 _q(hardcover) |
||
| 020 |
_a1538766248 _q(hardcover) |
||
| 035 | _a(OCoLC)on1379369759 | ||
| 040 |
_aTP7 _beng _erda _cTP7 _dTP7 _dJQM _dYU6 _dNBJ _dOCLCF _dBKL _dSDG _dVP@ _dLIV _dDLC |
||
| 042 | _alccopycat | ||
| 050 | 0 | 0 |
_aPS3608.O623 _bT66 2023 |
| 082 |
_a813.6 _bHOO/T |
||
| 100 | 1 |
_aHoover, Colleen _eauthor. _99678 |
|
| 245 | 1 | 0 |
_aToo late : _ba novel / _cColleen Hoover. |
| 250 | _aRevised edition. | ||
| 264 | 1 |
_aNew York : _bGrand Central, _c2023. |
|
| 300 |
_ax, 384 pages ; _c22 cm |
||
| 336 |
_atext _btxt _2rdacontent |
||
| 337 |
_aunmediated _bn _2rdamedia |
||
| 338 |
_avolume _bnc _2rdacarrier |
||
| 500 | _aOriginally independently published ©2016. | ||
| 520 | _aSloan will go through hell and back for those she loves. And she does so, every single day. Caught up with the alluring Asa Jackson, a notorious drug trafficker, Sloan has finally found a lifeline to cling to, even if it's meant compromising her morals. She was in dire straits trying to pay for her brother's care until she met Asa. But as Sloan became emotionally and economically reliant on him, he in turn developed a disturbing obsession with her - one that becomes increasingly dangerous every day. When undercover DEA agent Carter enters the picture, Sloan's surprised to feel an immediate attraction between them, despite knowing that if Asa finds out, he will kill him. And Asa has always been a step ahead of everyone in his life, including Sloan. No one has ever gotten in his way. No one except Carter. Together, Sloan and Carter must find a way out before it's too late... | ||
| 650 | 0 |
_aCollege students _vFiction. |
|
| 650 | 0 |
_aAbused women _vFiction. |
|
| 650 | 0 |
_aTriangles (Interpersonal relations) _vFiction. |
|
| 650 | 0 |
_aSecrecy _vFiction. |
|
| 650 | 0 |
_aRape _vFiction. |
|
| 650 | 0 |
_aWomen _xViolence against _vFiction. |
|
| 650 | 7 |
_aAbused women. _2fast _0(OCoLC)fst00794870 |
|
| 650 | 7 |
_aCollege students. _2fast _0(OCoLC)fst00867976 |
|
| 650 | 7 |
_aMan-woman relationships. _2fast _0(OCoLC)fst01007080 |
|
| 650 | 7 |
_aRape. _2fast _0(OCoLC)fst01089970 |
|
| 650 | 7 |
_aSecrecy. _2fast _0(OCoLC)fst01110644 |
|
| 650 | 7 |
_aTriangles (Interpersonal relations) _2fast _0(OCoLC)fst01156439 |
|
| 650 | 7 |
_aWomen _xViolence against. _2fast _0(OCoLC)fst01427006 |
|
| 655 | 7 |
_aPsychological fiction. _2lcgft |
|
| 655 | 7 |
_aThrillers (Fiction) _2lcgft |
|
| 655 | 7 |
_aRomance fiction. _2lcgft |
|
| 655 | 7 |
_aNovels. _2lcgft |
|
| 655 | 7 |
_aErotic fiction. _2fast _0(OCoLC)fst01726601 |
|
| 655 | 7 |
_aFiction. _2fast _0(OCoLC)fst01423787 |
|
| 655 | 7 |
_aNovels. _2fast _0(OCoLC)fst01921742 |
|
| 655 | 7 |
_aRomance fiction. _2fast _0(OCoLC)fst01921732 |
|
| 655 | 7 |
_aThrillers (Fiction) _2fast _0(OCoLC)fst01726755 |
|
| 655 | 7 |
_aSuspense fiction. _2gsafd |
|
| 906 |
_a7 _bcbc _ccopycat _d2 _encip _f20 _gy-gencatlg |
||
| 942 |
_2ddc _cBK _h813.6 _iHOO/T _k813.6 _mHOO/T |
||
| 999 |
_c42545 _d42545 |
||